000 01541nam a2200505 i 4500
001 43506
003 KOSZ 005
005 20211126124724.0
008 020426s2002 pl |001 0 pol
015 _aPB 2002/7039
020 _a8372479151
035 _a991018126299705066
035 _a(PL-WaBN)b14910998-48omnis_nlop
035 _ab14910998
035 _a(OCoLC)830308733
035 _a(PL)b0000001491099
035 _a(EXLNZ-48OMNIS_NETWORK)9910019061705606
040 _aWA N
_cWA N
_dKOSZ 005/HR
041 0 _apol
046 _k2002
080 _a347.45/.46(438)
100 1 _aPoczobut, Jerzy
_d(1951- )
_eAutor
245 1 0 _aUmowa leasingu /
_cJerzy Poczobut.
260 _aWarszawa :
_bC. H. Beck,
_c2002.
300 _aXIV, 86 s. ;
_c21 cm.
336 _2rdacontent
_aTekst
_btxt
337 _2rdamedia
_aBez urządzenia pośredniczącego
_bn
338 _2rdacarrier
_aWolumin
_bnc
380 _aKsiążki
380 _aPublikacje fachowe
388 _a2001-
490 1 _aMonografie Prawnicze
504 _aBibliogr. Indeks.
648 7 _a2001-
658 _aPrawo i wymiar sprawiedliwości
658 _aGospodarka, ekonomia, finanse
651 7 _aPolska
650 7 _aUmowa
650 7 _aLeasing
710 2 _aWydawnictwo C.H. Beck
_4pbl
830 0 _aMonografie Prawnicze
856 _uhttp://koha.tu.koszalin.pl/cgi-bin/koha/opac-detail.pl?biblionumber=43506
_yKatalog online BPK
942 _2UKD
_cKS
999 _c43506
_d43506